| 000 | 00908nam a2200181 a 4500 | ||
|---|---|---|---|
| 008 | 160216s2011 ||||||||||||||||| || u | ||
| 020 | _a9780821387610 | ||
| 050 | _aRA 971.35 Hum | ||
| 100 | _aHerbst, Christopher H | ||
| 245 | 1 | 4 |
_aThe human resources for health crisis in zambia: an outcome of health worker entry, exit and performance within the national labor health market _cBy Christopher H. Herbst, Monique Vledder, Karen Campbell, Mirja Sjoblom [and] Agnes Soucat |
| 260 |
_aWashington D.C _bThe International Bank for Reconstruction _c2011 |
||
| 300 | _axiv, 91p.: ill. | ||
| 350 | _a20.00 | ||
| 490 | _aAfrican human development | ||
| 650 | _aHEALTH PERSONNEL -- ORGANIZATION AND ADMINISTRATION | ||
| 650 | 0 | _aPERSONNEL MANAGEMENT | |
| 995 |
_aSPECIAL COLLECTIONS _e903599 _FCBU-SCHOOL OF MEDICINE LIBRARY (Ndola) _I20.00 _jZAM RA 971.35 Hum _M1 _UAVAILABLE _WMay 16, 2016 _y903599 _ZZambiana Collection |
||
| 999 |
_c31745 _d31745 |
||